Radostné Vianoce a šťastný Nový rok

Bibliographic Details
Main Author: Sališová, Helena (Author)
Other Authors: Baum, Simon (Photographer)
Format: Book
Language:Slovak
PhysicalDescription:[14] s. fareb. fotogr. 15 cm
Published: Bratislava Lúč 2007
ISBN:9788071146483
Edition:[1. vyd.]
Series:Dar
Dar Daruj radosť
Subjects:

MARC

LEADER 00000nam a2200000 a 4500
001 vtls009293084
003 SK-MaSNL
005 20260301125452.0
008 200104s2007 xo oa g 000 1 slo
015 |a SNBA2008/05-02327 
020 |a 9788071146483  |q (brož.) 
035 |a urn:nbn:sk:snk-am00czwg 
035 |a urn:nbn:sk:snk-am3hgwa 
035 |a 6E9D65AD-F661-47D9-938A-26C614D81976 
040 |a SNK  |b slo  |c SNK  |e AACR2 
041 0 |a slo 
044 |a xo  |c SK 
072 7 |a 17  |x Etika. Morálna filozofia  |2 konspekt 
080 |a 27-565.3  |2 2001 
080 |a 398.332.42  |2 2001 
080 |a (0:82-84)  |2 2001 
080 |a 17.02  |2 2001 
080 |a (041)  |2 2001 
100 1 |a Sališová, Helena  |4 aut  |9 317339 
245 1 0 |a Radostné Vianoce a šťastný Nový rok  |c [texty Helena Sališová ; autor fotografií Simon Baum] 
250 |a [1. vyd.] 
260 |a Bratislava  |b Lúč  |c 2007 
300 |a [14] s.  |b fareb. fotogr.  |c 15 cm 
490 1 |a Dar  |v 642.  |a Daruj radosť  |v 12. 
500 |a Názov z obalu 
650 0 7 |a Vianoce  |2 SNKPH  |9 3412 
650 0 7 |a Nový rok  |2 SNKPH  |9 19945 
650 0 7 |a životná múdrosť  |2 SNKPH  |9 4008 
655 7 |a citáty  |2 SNKPH  |9 70419 
655 7 |a brožúry  |2 SNKPH  |9 70146 
700 1 |a Baum, Simon  |4 pht  |9 317340 
830 0 |a Dar  |9 317341 
830 0 |a Dar  |p Daruj radosť  |9 317342 
919 |a 978-80-7114-648-3 
958 |a LX 
958 |a NT 
968 |d 821 
999 |c 742534  |d 744464 
952 |a SNK  |b SNK  |y PREZ  |7 0  |p 17A0589041  |o snkSE 11608  |i snk2008/10115  |8 0  |0 0  |1 0  |4 0  |d 2008-05-12  |f 1  |l 0  |r 2026-02-23 23:04:58  |w 2026-02-23 
952 |a SNK  |b SNK  |y VYP  |7 0  |p 17A0589042  |o snkSE 11608 D1  |i snk2008/10116  |8 0  |0 0  |1 0  |4 0  |d 2008-05-12  |l 0  |r 2026-02-23 23:04:58  |w 2026-02-23